Normal view
MARC view
- Kurian, Bibin
Entry Personal Name
001 - CONTROL NUMBER
- control field: 213583
003 - CONTROL NUMBER IDENTIFIER
- control field: OSt
005 - DATE AND TIME OF LATEST TRANSACTION
- control field: 20251007162537.0
008 - FIXED-LENGTH DATA ELEMENTS
- fixed length control field: 251007|| aca||aabn | a|a d
040 ## - CATALOGING SOURCE
- Original cataloging agency: OSt
- Transcribing agency: OSt
100 ## - HEADING--PERSONAL NAME
- Personal name: Kurian, Bibin
- Personal name: Wankhede, Darshana Kumari
670 ## - SOURCE DATA FOUND
- Source citation: Work cat.: (OSt)367829: Maurya, Archarya 213153, Textbook of Child Health Nursing -I , 2025